000 00904nmc a2200325 a 4500
003 AR-BaBNM
005 20251128204927.0
008 226019s1989 ||||||||||||||000 | spa||
020 _a84-277-0931-5
040 _cAR-BaBNM
100 1 _aDelaire, Guy
245 1 0 _aLos equipos docentes
_bformación y funcionamiento
260 _aMadrid
_bNarcea
_c1989
300 _a174 p.
_btablas, diagr.
490 0 _aEducación hoy
500 _aLOGSE: Ley Orgánica del Sistema Educativo
504 _aBibliografía: 169-174 p.
650 4 _aPERSONAL DOCENTE
650 4 _aRELACION ALUMNO-DOCENTE
650 4 _aRELACION DOCENTE-ADMINISTRACION
650 4 _aEQUIPO EDUCACIONAL
650 4 _aEFICACIA DEL DOCENTE
650 4 _aCALIDAD DE LA ENSENANZA
650 4 _aTRABAJO EN EQUIPO
650 4 _aGRUPOS
651 4 _aEspaña
700 1 _aOrdronneau, Hubert
942 _cBK
998 _csilvi
999 _c9360
_d9360